Communicating in science: writing a scientific paper and speaking at scientific meetings

Gorde:
Xehetasun bibliografikoak
Egile nagusia: Booth, Vernon (Egilea)
Formatua: Liburua
Hizkuntza:ingelesa
Argitaratua: Cambridge Cambridge University 1998
Edizioa:2a. ed
Gaiak:
Etiketak: Etiketa erantsi
Etiketarik gabe, Izan zaitez lehena erregistro honi etiketa jartzen!

MARC

LEADER 00000nam a2200000 a 4500
001 UCP1743
003 CL-VaPUC
008 990426e19980000uk |||||||||||||||||eng|d
082 0 4 |a 808.066  |b BOO  |2 21 
100 0 |a Booth, Vernon  |e author  |9 427940 
245 1 0 |a Communicating in science: writing a scientific paper and speaking at scientific meetings 
250 |a 2a. ed 
300 |a 78 p 
942 |c BK 
945 |d 19990426 00:00:00  |a rbrito 
260 |a Cambridge  |b Cambridge University  |c 1998 
650 0 |a Redacción técnica  |9 259855 
650 0 |a Proceso de comunicación   |9 332060 
650 0 |a Divulgación científica  |9 364576 
650 0 |a Informes técnicos  |9 259856 
650 7 |a REDACCION DE INFORMES  |2 CL-VaPUC  |9 427941 
583 |a last modification  |c 20130806 07:17:30  |k Rodrigo Vera 
999 |c 280388  |d 280386 
952 |0 0  |1 0  |4 0  |6 808_066000000000000_BOO_1998  |7 0  |8 A  |9 320667  |a BIBING  |b BIBING  |d 2019-11-20  |i 3490246  |o 808.066 BOO 1998  |p 3490246  |r 2025-01-20  |w 2019-11-20  |y BK  |k EIB